000
00250nam a2200097Ia 4500
008
210430s9999 xx 000 0 und d
082
_a
658.45 B8281 M
100
_a
Dean M.Brenner
_9
54079
245
_a
Move the World
_c
Dean M.Brenner
942
_c
BK
_2
ddc
999
_c
564540
_d
564540